[Event "Prague Chip"]
[Site "Prague"]
[Date "1992.??.??"]
[Round "10"]
[White "Meduna, Eduard"]
[Black "Van der Sterren, Paul"]
[Result "0-1"]
[WhiteElo "2500"]
[BlackElo "2535"]
[Annotator "Ftacnik,L"]
[PlyCount "82"]
[EventDate "1992.01.??"]
[EventType "tourn"]
[EventRounds "13"]
[EventCountry "CZE"]
[EventCategory "11"]
[SourceTitle "CBM 027"]
[Source "ChessBase"]
[SourceDate "1992.04.01"]
[SourceVersion "1"]
[SourceVersionDate "1992.04.01"]
[SourceQuality "1"]

1. d4 Nf6 2. Nf3 d5 3. Bf4 c5 4. e3 Qb6 5. Nc3 c4 $5 {N} (5... e6 6. Nb5 Na6 7.
dxc5 Bxc5 8. c3 O-O 9. a4 Bd7 10. a5 Qd8 11. Ne5 Ne4 12. Nxd7 Qxd7 $10 {
Karagodin,V-Nikolajev,S/URS-sf Voronez/1991/}) (5... Bd7 6. Rb1 e6 7. a3 cxd4
8. exd4 Be7 9. Bd3 Nc6 10. Ne2 Na5 11. b3 O-O 12. O-O Rfc8 13. c4 dxc4 14. bxc4
$14 {Zaitseva,LG-Barsov,Y/Moscow op/1991/}) (5... Bf5 6. Bb5+ Nc6 7. dxc5 Qxc5
8. Nd4 Bd7 9. Nb3 Qb6 10. Nxd5 Nxd5 11. Qxd5 e6 12. Qh5 $16 {Forbes,
G-Summerscale,A/Eastbourne-ch GB/1991/}) 6. Rb1 Bg4 7. Be2 (7. b3 Qa5 8. Qd2 e6
$22 9. bxc4 Bb4 10. Rb3 Ne4 $19) 7... e6 8. O-O Nc6 9. h3 (9. b3 Qa5 10. Na4 b5
11. Nc5 Bxc5 12. dxc5 Ne4 $36) 9... Bxf3 10. Bxf3 Be7 11. Ne2 (11. b3 $5 Qa5
12. Ne2 $13) 11... Qa5 12. a3 (12. b3 $5) 12... h6 13. c3 g5 14. Bh2 h5 $1 15.
b4 Qd8 (15... cxb3 16. Qxb3 b6 17. c4 $36) 16. Ng3 g4 $1 (16... h4 17. Nh5 Nxh5
18. Bxh5 $13) 17. hxg4 hxg4 18. Bxg4 Nxg4 19. Qxg4 Bd6 20. f4 (20. Rfe1 f5 21.
Qg6+ Kd7 $17) 20... f5 21. Qf3 (21. Qg6+ Kd7 22. Qf7+ Ne7 23. Rf3 Rh6 24. Nf1
Qh8 $40) 21... Qh4 22. Kf2 $8 O-O-O (22... Qxh2 $2 23. Rh1 $16) 23. Rh1 Rdg8
24. Rbg1 (24. Bg1 Rxg3 $19) 24... Nb8 $1 25. Ke2 Nd7 26. Nf1 Nf6 27. g3 (27.
Bg3 Qxh1 28. Rxh1 Rxh1 $17) 27... Qh7 28. Nd2 Ng4 29. Qg2 Qd7 $1 (29... Nxh2
30. Nf1 $1 (30. Nf3 $6 Nxf3 31. Rxh7 Nxg1+ 32. Qxg1 Rxh7 $19)) 30. Ra1 Qa4 31.
Ra2 Kb8 (31... Bxb4 32. cxb4 c3 33. Nf3 Qb3 $19) 32. Bg1 Bxb4 $1 33. Rxh8 Rxh8
34. cxb4 c3 35. Nf1 (35. Nb1 c2 36. Nc3 Qb3 37. Kd2 c1=Q+ 38. Kxc1 Qxc3+ 39.
Rc2 Qa1+ 40. Kd2 Qxa3 $19) 35... Rc8 36. Ra1 Qc2+ (36... c2 37. Rc1 Qxa3 38.
Kd2 $13) 37. Nd2 (37. Kf3 Qe4+ $19) 37... Qxd2+ 38. Kf3 Qd3 39. Qh3 c2 40. Rc1
Qd1+ 41. Kg2 Qxc1 {Ftacnik,L} 0-1

[Event "Warsaw"]
[Site "Warsaw"]
[Date "1990.??.??"]
[Round "12"]
[White "Goldin, Alexander"]
[Black "Cvitan, Ognjen"]
[Result "1-0"]
[WhiteElo "2525"]
[BlackElo "2525"]
[Annotator "Ftacnik,L"]
[PlyCount "53"]
[EventDate "1990.01.??"]
[EventType "tourn"]
[EventRounds "13"]
[EventCountry "POL"]
[EventCategory "9"]
[SourceTitle "CBM 017"]
[Source "ChessBase"]
[SourceDate "1990.08.01"]
[SourceVersion "1"]
[SourceVersionDate "1990.08.01"]
[SourceQuality "1"]

1. d4 Nf6 2. Nf3 g6 3. g3 Bg7 4. Bg2 d5 5. O-O O-O 6. Be3 $5 {N} (6. Bf4 c6 7.
Nbd2) 6... c6 7. Qc1 Re8 8. Bh6 Bh8 (8... Bxh6 9. Qxh6 $14) 9. c4 Bf5 10. Nbd2
Nbd7 11. Nh4 Bg4 12. f3 Be6 13. Kh1 $5 (13. cxd5 cxd5 {/\ Rc8<=>}) (13. b3 c5
$1 $132) 13... dxc4 $6 (13... Rc8 $5 {/\ c5 <=>}) 14. e4 b5 15. f4 Bg4 (15...
Ng4 16. f5 Nxh6 17. fxe6 fxe6 18. Nxc4 $16) (15... Nb6 $5 16. f5 Bc8 {x d4 <=>}
) 16. e5 Nd5 17. f5 $16 e6 18. fxg6 fxg6 19. Ne4 c5 20. Nd6 cxd4 21. Nf7 Qe7 (
21... Qc7 22. Qg5 {/\ Ng6}) 22. Bg5 Qxf7 23. Rxf7 Kxf7 24. Bxd5 exd5 25. Qf4+
Kg8 26. Qxg4 Nxe5 27. Qxd4 {Ftacnik,L} 1-0

[Event "Balkaniad"]
[Site "Kavala"]
[Date "1990.??.??"]
[Round "3"]
[White "Radulov, Ivan"]
[Black "Lupu, Mircea Sergiu"]
[Result "1-0"]
[WhiteElo "2400"]
[BlackElo "2450"]
[Annotator "Ftacnik,L"]
[PlyCount "59"]
[EventDate "1990.10.??"]
[EventType "team"]
[EventRounds "6"]
[EventCountry "GRE"]
[SourceTitle "CBM 021"]
[Source "ChessBase"]
[SourceDate "1991.04.01"]
[SourceVersion "1"]
[SourceVersionDate "1991.04.01"]
[SourceQuality "1"]

1. Nf3 g6 2. g3 Bg7 3. d4 d5 4. Bg2 Nc6 $5 (4... Nf6 5. O-O O-O 6. c4) 5. O-O
Bg4 6. c4 $1 Bxf3 (6... dxc4 7. Qa4 $36) 7. Bxf3 Nxd4 (7... dxc4 8. Qa4 Qd7 9.
Rd1 $14) 8. Bxd5 c6 9. Bg2 $14 e5 (9... Nf6) 10. Bd2 $1 Ne7 (10... a5 11. Bc3
Ne7 12. e3 $14) 11. Bb4 Qb6 (11... O-O $2 12. e3 Ndf5 13. g4 $18) 12. Ba3 Rd8
13. Nd2 Bh6 $2 (13... Qc7 14. e3 Ne6 15. Qc2 $14) 14. Ne4 $1 (14. e3 $2 Ndf5
15. Qe2 Nxe3 $1 16. c5 Qa6 $17) 14... Qc7 (14... Nf3+ 15. Bxf3 Rxd1 16. Raxd1
c5 17. Bxc5 Qc7 18. Bd6 Qxc4 19. Ba3 $1 $18) 15. e3 Ndf5 (15... Nb5 16. Nf6+
Kf8 17. cxb5 Rxd1 18. Raxd1 Bg5 19. Rd7 $18) 16. Qa4 O-O (16... a6 17. Rad1 O-O
18. g4 $1 Nh4 19. Bd6 $18) 17. Qxa7 Ra8 18. Qc5 Ra4 (18... b6 19. Qb4 $16) 19.
Nf6+ Kh8 (19... Kg7 20. Nd5 $1 $18) 20. Nd5 $1 Nxd5 21. cxd5 Rc8 22. dxc6 bxc6
23. Rac1 Ra6 (23... Bf8 24. Qxc6 Qxc6 25. Rxc6 Rxc6 26. Bxc6 $18) 24. Rfd1 Rb6
(24... Bf8 25. Qc4 $18) 25. Qa5 Kg8 26. Bc5 $1 Rxb2 27. Qxc7 Rxc7 28. Rd8+ Kg7
29. g4 $1 Bg5 (29... Ne7 30. Bd6 Rcb7 31. Bxe5+ $18) 30. Bf8+ {Ftacnik,L} 1-0

[Event "Hoogovens op"]
[Site "Wijk aan Zee"]
[Date "1993.01.??"]
[Round "11"]
[White "Hansen, Curt"]
[Black "Nunn, John DM"]
[Result "1/2-1/2"]
[WhiteElo "2610"]
[BlackElo "2580"]
[Annotator "Ftacnik,L"]
[PlyCount "97"]
[EventDate "1993.01.??"]
[EventType "swiss"]
[EventRounds "12"]
[EventCountry "NED"]
[SourceTitle "CBM 034"]
[Source "ChessBase"]
[SourceDate "1993.06.01"]
[SourceVersion "1"]
[SourceVersionDate "1993.06.01"]
[SourceQuality "1"]

1. d4 Nf6 2. Nf3 g6 3. g3 Bg7 4. Bg2 O-O 5. O-O d5 6. Bf4 c6 7. Qc1 Bf5 8. c4
Nbd7 $146 (8... Re8) 9. Na3 (9. cxd5 cxd5 10. Nc3 Rc8 $10) 9... Rc8 10. Rd1 Qa5
(10... c5 11. dxc5 $16) 11. Qe3 (11. Qd2 Qa4 $1 12. Rac1 Ne4 $13) 11... b5 12.
cxb5 (12. c5 b4 13. Nb1 (13. Qd2 Nxc5 $1 14. dxc5 Ne4 15. Qe1 Bxb2 16. Nc2 Bc3
17. Qf1 Bxa1 18. Rxa1 Qxc5 $17) 13... e5 $1 14. Nxe5 Nxe5 15. dxe5 Nd7 $15)
12... cxb5 13. Qb3 (13. Qxe7 Rfe8 (13... b4 14. Bd2) 14. Bd2 Rxe7 15. Bxa5 Rxe2
16. Nxb5 Rxb2 17. Nd6 (17. Nxa7 Rcc2 $132) 17... Rcc2 18. Nxf5 gxf5 19. Rd2 Ne4
20. Rxc2 Rxc2 $13) 13... a6 (13... b4 14. Bd2 Rb8 15. Nc2 $14) 14. Rac1 Qb6 15.
Nc2 Be4 16. Nb4 e6 17. e3 (17. Nd3 Rxc1 18. Rxc1 Bxf3 19. Bxf3 Qxd4 20. Be3 Qa4
$15) 17... h6 18. Nd3 Rc4 $5 19. Nd2 $1 (19. Nde5 Nxe5 20. Bxe5 Rfc8 $15) 19...
Bxd3 (19... Bxg2 20. Kxg2 Rfc8 $140 $2 21. Nxc4 dxc4 22. Qc2 $1 $16) 20. Qxd3
g5 21. Be5 Rxc1 22. Rxc1 Nxe5 23. dxe5 Nd7 (23... Ng4 $2 24. Qd4 Qxd4 25. exd4
$16) 24. f4 gxf4 25. gxf4 f6 26. exf6 (26. Bxd5 $6 exd5 27. Qxd5+ Kh8 28. Qxd7
Qxe3+ 29. Kh1 fxe5 30. Rg1 Rg8 $15) 26... Nxf6 27. Bh3 (27. Bf3 $5) 27... d4 $6
(27... Nh5 $1 28. Kh1 d4 29. Re1 $140 dxe3 30. Qxe3 Qxe3 31. Rxe3 Nxf4 32.
Bxe6+ Kh8 $15) 28. Qxd4 Qxd4 29. exd4 Nh5 30. Bxe6+ Kh8 31. Rc8 (31. Nb3 Nxf4
32. Bg4 Rg8 33. Rc8 Rxc8 34. Bxc8 Ne2+ $10) 31... Rxc8 $2 (31... Bxd4+ 32. Kf1
Rxc8 33. Bxc8 a5 $10) 32. Bxc8 Bxd4+ 33. Kg2 $1 Bxb2 (33... Nxf4+ 34. Kf3 Nd3
$2 35. Ke4 $18) 34. Kf3 a5 35. Bd7 a4 (35... b4 36. Nb3) 36. Bxb5 Bc1 37. Ke2 (
37. Nc4 a3 38. f5 $14) 37... Nxf4+ 38. Kd1 Ba3 (38... Bxd2 $2 39. Kxd2 $16) 39.
Bxa4 Kg7 40. Bb5 Nd5 41. Kc2 Kf6 42. Kb3 Bc1 43. Nf3 Ke7 44. a4 Kd6 45. a5 $2 (
45. Kc4 Bb2 $14 (45... Ne3+ 46. Kd4 Nf5+ 47. Ke4 Ne7 48. a5 Nd5 (48... Kc5 49.
a6 Kb6 50. Be2 $16) 49. Kf5 $16)) 45... Kc5 46. Bc4 Ne7 47. Ne5 Nc6 $1 48. a6 (
48. Nd3+ Kd4 49. a6 Be3 50. Nb2 (50. Bb5 Na7 $10) 50... Na5+ 51. Kb4 Nc6+ 52.
Kb5 Na7+ 53. Kb4 (53. Ka4 Bc1 $10) 53... Nc6+ $10) 48... Kb6 49. Nxc6 1/2-1/2

[Event "WchT 2nd"]
[Site "Luzern"]
[Date "1989.??.??"]
[Round "8.1"]
[White "Sosonko, Gennadi"]
[Black "Ye, Jiangchuan"]
[Result "1/2-1/2"]
[WhiteElo "2540"]
[BlackElo "2500"]
[Annotator "Ftacnik,L"]
[PlyCount "43"]
[EventDate "1989.10.27"]
[EventType "team-tourn"]
[EventRounds "9"]
[EventCountry "SUI"]
[SourceTitle "CBM 016"]
[Source "ChessBase"]
[SourceDate "1990.06.01"]
[SourceVersion "1"]
[SourceVersionDate "1990.06.01"]
[SourceQuality "1"]
[WhiteTeam "Netherlands"]
[BlackTeam "China"]
[WhiteTeamCountry "NED"]
[BlackTeamCountry "CHN"]

1. d4 Nf6 2. Nf3 g6 3. g3 Bg7 4. Bg2 O-O 5. O-O d5 6. Nbd2 Nbd7 7. c4 (7. c3 a5
8. a4 Re8 9. Re1 e5 10. dxe5 Nxe5 11. Nxe5 Rxe5 12. Nf3 Re8 $10 {Negulescu,
A-Lputian,S/Erevan/1988/0-1/44/ -> CBM 08}) 7... c5 $5 8. cxd5 cxd4 9. Nxd4 Nb6
$1 10. e4 Nfxd5 11. exd5 Bxd4 12. Ne4 Bg7 13. Nc3 Nc4 14. Qb3 Nd6 $10 15. Bf4
Bf5 16. Rfe1 Qd7 17. a4 Rac8 18. Be5 Rfe8 19. Bxg7 Kxg7 20. h4 h5 21. Nb5 a6
22. Nxd6 {Ftacnik} 1/2-1/2

[Event "ESP-chT CECLUB Honor"]
[Site "Linares"]
[Date "2017.08.19"]
[Round "6.2"]
[White "Ganguly, Surya Shekhar"]
[Black "Gonzalez de la Torre, Santiago"]
[Result "1-0"]
[WhiteElo "2658"]
[BlackElo "2444"]
[Annotator "Ganguly,S"]
[PlyCount "57"]
[EventDate "2017.08.14"]
[EventType "team-tourn"]
[EventRounds "7"]
[EventCountry "ESP"]
[SourceTitle "CBM 181"]
[Source "ChessBase"]
[SourceDate "2017.11.10"]
[SourceVersion "1"]
[SourceVersionDate "2017.11.10"]
[SourceQuality "1"]
[WhiteTeam "Solvay CA"]
[BlackTeam "Taldea Gros Xake"]
[WhiteTeamCountry "ESP"]
[BlackTeamCountry "ESP"]

1. Nf3 d5 2. g3 g6 3. Bg2 Bg7 4. d4 Nh6 {Although this move was played for the
first time in 1949, it was Topalov who tried it twice in 2016 and made it
popular as a rare system.} 5. O-O Nf5 6. c3 {Here against Fressinet Topalov
opted for ...c6 and a few days later against Kramnik he played ...Nd7.} O-O 7.
Nbd2 {White is playing for e4 which is the most logical response as the Black
knight is on f5 instead of f6.} Nd6 8. Re1 {[%cal Ye2e4]} (8. Ne5 c6 9. e4 dxe4
10. Nxe4 Nxe4 11. Bxe4 Bh3 12. Re1 Nd7 13. Nd3 e5 {During the game I saw until
this and left it as equal. Later I saw all this had been played in a rapid game
} 14. dxe5 Nxe5 15. Nxe5 Qxd1 16. Rxd1 Bxe5 $11 {0-1 (76) Meier,G (2654)
-Vachier Lagrave,M (2758) Berlin 2015}) 8... f5 (8... Bf5 9. Nh4) 9. Ne5 e6 10.
c4 (10. Ndf3 $142 {This felt natural but somehow, I was reluctant to commit to
the h4 follow-up} Ne4 11. h4 $14 {I saw this but wasn't sure if in the long
run I might run into some kingside attack. White has a clear plan of playing
Bf4 and Black can't get h6-g5 ideas easily. White is simply better here.} (11.
Bf4 g5)) 10... Ne4 11. b3 {I decided to keep things as solid as possible.} c5
12. e3 Nc6 13. Bb2 {Everything looked under control.} cxd4 (13... Nxe5 14. dxe5
Qc7 15. cxd5 exd5 16. Nxe4 dxe4 17. Qd5+ Kh8 18. Rac1 $14) 14. exd4 Bxe5 $6 {
This was a bit surprising.} (14... Qb6 15. Nxe4 fxe4 16. Qd2 $14 {is what I
was expecting.}) 15. dxe5 Qb6 16. Qe2 {White just needs one more move (Rad1)
to get a strategically overwhelming position.} (16. Nxe4 dxe4 17. Qc1 $14 {
was also doable.}) (16. Re2 {Computers. I was seeing only Rf1.} Rd8 17. Nxe4
dxe4 18. Rd2 $16 {the advantage of Re2 over Ro.f1}) 16... Nd4 {Otherwise ...
Qb6 makes no sense. Here I saw that after Bxd4 I have a simple steady
advantage. However, my opponent was already down to less than 30min here. So,
I decided to make him think a bit before eventually getting into the Bxd4 line.
} 17. Qd3 {Now he has to think about all sorts of knight moves. According to
my calculation ...Nc6 was forced and in that case, I would have played Qe2 and
then had gone for the Bxd4 line. The whole point was to make him think a bit
about all the knight moves so that he wastes some more time. However, it
turned out to be totally different from what I expected.} (17. Bxd4 {simple
and solid} Qxd4 18. Nf3 Qb6 19. cxd5 exd5 20. Qe3 Qxe3 21. Rxe3 $14 {[%cal
Gf3d4,Gf2f3] was my intention and I would have done so had he repeated with 17.
..Nc6.}) 17... Nxb3 $2 {This came as a pleasant shock. I thought he must have
missed something. Also, he spent 12 min on this getting into serious time
crunch. I kept on blitzing my moves until I got the real shock....} (17... Nc6
{In my opinion, this was forced} 18. Nxe4 $1 {Computers} (18. Qe2 {I would
have played this instantly and then taken on d4 next time}) 18... dxe4 19. Qc3
$16 {[%cal Ga1d1] The advantage of having the queen on d3 instead of d1.}) (
17... Nc2 {This was not working clearly} 18. Qxc2 Qxf2+ 19. Kh1 Nxd2 (19...
Qxd2 20. Bxe4) 20. Ba3 $1 (20. Rad1 $6 Ne4 21. Bxe4 fxe4) 20... Rf7 21. cxd5
$16) 18. Nxe4 {Forced.} (18. axb3 Qxf2+ 19. Kh1 Qxe1+ 20. Rxe1 Nf2+ $19) 18...
Nxa1 (18... dxc4 19. Nf6+ Rxf6 20. Qc3 $18) 19. Nf6+ {Also forced.} Rxf6 {
Here instead of pausing a bit I kept my blitz mode on!} 20. Bd4 $6 (20. exf6 {
Had I spotted Black's idea in the event of 20.Bd4 then most likely I would
have stopped for a while and found this also.} Qxb2 21. cxd5 {is not that
difficult a line to calculate} Kf7 (21... Qxf6 22. dxe6 Bxe6 23. Rxe6 Qxe6 24.
Bd5 $18) 22. dxe6+ Bxe6 23. Bd5 Bxd5 24. Qxd5+ Kxf6 25. Qd7 $1 $18) 20... Nc2
$3 {What an astonishing move!!!! He also blitzed it out instantly, clearly
showing that he had seen this from 17...Nb3. It took some time for me to
recover from the shocking effect of this spectacular move. Black's queen, rook
and knight all were hanging and the guy goes Na1 to Nc2!! Such an amazing
move!!} 21. Qxc2 {I got over the shock and decided to play practically. I felt
here in the time crunch it would be tougher for him to find the moves as
compared to the queen vs two rooks position which would have come about in the
event of 21.Bxb6} (21. Bxb6 $1 Nxe1 22. Qc3 Rf7 23. Qxe1 axb6 24. cxd5 Rxa2 {
I saw this position and felt in time pressure here the moves won't be so
difficult. During the game I wasn't sure how much better I am but the
computers are giving more than +1} 25. h4 $1 $16) 21... Qxd4 22. exf6 Qxc4 $6 (
22... Qxf6 $6 23. cxd5 e5 24. Qc7 e4 {[%cal Gf6f7]} 25. Bf1 $1 Qf7 26. Rc1 $36
{Still not easy to untangle.}) (22... dxc4 {I thought this was forced} 23. Rd1
Qxf6 24. Qxc4 {[%cal Gc4c7]} Qe7 25. Rd4 $1 $44 {[%cal Gc4d3] The computer
says 0.00 with some weird moves. Over the board it did not look easy for Black
and specially in time pressure.}) 23. Qd2 $6 {A bit impulsive. At this stage I
simply didn't want to give him any time to think.} (23. Qb2 $1 Bd7 {The reason
I rejected 23.Qb2 was this and missing my counter resource...} (23... Qc7 24.
Rc1 Qd6 (24... Qf7 25. Qe5) 25. f7+ Kxf7 26. Qh8 h5 27. Bf3 $18) 24. Rxe6 $3 {
an idea that I overlooked} Bxe6 25. Qxb7 Qc1+ 26. Bf1 Qh6 27. Qxa8+ Qf8 28.
Qxa7 Qxf6 29. a4 $18) 23... Qc5 $2 (23... Qc7 $1 24. Qe3 $1 {[%cal Gg2d5]} (24.
Bxd5 Qd8 $1 {This was his resource} 25. Qg5 (25. a4 $44 {The computer's top
choice!!}) 25... Kf7 {and Black escapes with a draw}) 24... d4 $1 {not an easy
move to make!} (24... Qd6 25. Qh6 Qf8 26. Qh4 $44) 25. Qh6 (25. Qxd4 Bd7) 25...
Qf7 {and Black is fine}) 24. Bxd5 $1 Qxd5 (24... Qf8 25. Bxe6+ Bxe6 26. Rxe6
$18) (24... exd5 25. Qh6 Qf8 26. Re8 Qxe8 27. Qg7#) 25. Qh6 Qd7 26. Rxe6 $1 {
My opponent probably missed this.} Qd1+ (26... Kf7 27. Re7+ Qxe7 28. Qg7+ $18)
(26... Qf7 27. Re8+ Qxe8 28. Qg7#) 27. Kg2 Kf7 (27... Qd5+ 28. Kh3) 28. Re7+
Kxf6 29. Qg7+ (29. Qg7+ Kg5 30. h4+ {I probably would have played this for the
aesthetic effect.} (30. f4+ {mates faster}) 30... Kg4 31. Qd4+ $1 Qxd4 32. f3+
Kh5 33. Rxh7#) 1-0

[Event "Amsterdam Euwe Memorial"]
[Site "Amsterdam"]
[Date "1996.03.22"]
[Round "1"]
[White "Gelfand, Boris"]
[Black "Anand, Viswanathan"]
[Result "1/2-1/2"]
[WhiteElo "2700"]
[BlackElo "2725"]
[Annotator "Gelfand,B"]
[PlyCount "103"]
[EventDate "1996.03.22"]
[EventType "tourn"]
[EventRounds "9"]
[EventCountry "NED"]
[EventCategory "18"]
[SourceTitle "CBM 052"]
[Source "ChessBase"]
[SourceDate "1996.06.01"]
[SourceVersion "1"]
[SourceVersionDate "1996.06.01"]
[SourceQuality "1"]

1. d4 d5 2. Nf3 a6 $6 3. Bg5 Bg4 $146 (3... h6 4. Bh4 Nf6 5. Bxf6 exf6 6. e3
Bd6 7. Nbd2 f5 8. c4 dxc4 9. Bxc4 O-O 10. O-O $14 {Miles-Nikolic,94,Horgen}) 4.
e3 Nf6 (4... c5 5. c4 $5 $16) 5. Bxf6 (5. c4 dxc4 (5... e6 6. Qb3 $5) 6. Bxf6 {
-game}) 5... exf6 6. c4 dxc4 7. Bxc4 Nc6 (7... b5 8. Be2 $14) 8. O-O (8. Qb3
Qd7 9. Qxb7 Bb4+ 10. Nc3 Ra7 $19) 8... Bd6 9. Nbd2 (9. Be2 $5 O-O 10. Nfd2 Bxe2
11. Qxe2 f5 12. g3 $14) 9... O-O 10. a3 Qd7 11. Qc2 f5 12. Bd3 Ne7 13. b4 Rad8
(13... b6 14. Be2 {/\Nc4}) 14. Rfc1 g6 $6 (14... Bxf3 $5 15. Nxf3 g6 $14) 15.
Ne1 c6 16. Bf1 Bb8 17. g3 g5 18. Nd3 Nd5 (18... f4 $5 19. Ne4 Qf5 $132) 19. Nc5
Qc8 (19... Qe7 20. Re1 $1) 20. Re1 Rfe8 21. Nc4 Re7 22. Bg2 Rde8 23. Qd2 h6 24.
f3 Bh5 25. e4 b5 26. Na5 Nb6 27. Rac1 (27. exf5 Nd5 28. g4 Qc7 $132) (27. e5
Nd5 28. f4 $1 $16) 27... f4 28. g4 Bg6 29. Nd3 $2 (29. Rc2 $1 $16 {/\Rec1})
29... Re6 30. Qc2 (30. d5 Ba7 31. Kh1 Nxd5 32. exd5 Rxe1+ 33. Rxe1 Rxe1+ 34.
Nxe1 cxd5 $14) 30... Qd7 31. Qf2 Na4 32. Nb3 Rd6 33. Bf1 Rd8 34. Red1 Qe8 (
34... f6 $5) 35. Ndc5 Nxc5 36. bxc5 R6d7 37. Rd2 Qe6 38. Rd3 Bc7 39. Qd2 h5 40.
h3 hxg4 41. hxg4 f6 42. Rd1 (42. Re1 $5 Re8 43. Rd1) 42... Bf7 43. Na5 Bxa5 (
43... Kg7 $5 44. Qc3 Bxa5 45. Qxa5 Qe7) 44. Qxa5 Qe7 $1 45. Qc3 Rc7 $1 46. R3d2
Kg7 47. Rc1 Rcd7 48. Rcd1 Rc7 49. Ra1 Rb8 50. Qa5 Rd7 51. Rc1 (51. Qxa6 Rxd4
52. Rxd4 Qxc5 53. Rad1 Rd8 54. Qxc6 Qxc6 55. Rxd8 Qc5+ $10) 51... Rbd8 (51...
Qd8 $5) 52. Qc3 (52. Qxa6 Rxd4 53. Rxd4 Rxd4 54. Qxc6 Qa7 $1) 1/2-1/2